Rays WAR Leaders by Year - Statistics

General Stats
  • This quiz has been taken 15 times
  • The average score is 15 of 27
Answer Stats
Year WAR Position Answer % Correct
2013 5.8 3B Evan Longoria
93%
2010 8.2 3B Evan Longoria
93%
2006 4.5 LF Carl Crawford
86%
2005 4.4 LF Carl Crawford
86%
2004 4.9 LF Carl Crawford
86%
2012 6.6 SP David Price
86%
2008 5.1 1B Carlos Pena
79%
2007 7.2 1B Carlos Pena
79%
2017 4.8 CF Kevin Kiermaier
71%
2016 5.5 CF Kevin Kiermaier
71%
2015 7.1 CF Kevin Kiermaier
71%
2023 5.5 SS Wander Franco
64%
2014 4.4 2B Ben Zobrist
57%
2011 7.6 2B Ben Zobrist
57%
2009 8.6 2B Ben Zobrist
57%
2021 4.5 2B Brandon Lowe
57%
2020 2.4 2B Brandon Lowe
57%
2018 7.2 SP Blake Snell
50%
2022 4.2 SP Shane McClanahan
50%
2019 4.9 SP Charlie Morton
36%
1999 4.0 1B Fred McGriff
36%
2003 4.0 RF Aubrey Huff
21%
2024 2.8 SP Zack Littell
14%
2000 3.2 LF Greg Vaughn
7%
2002 4.8 CF Randy Winn
7%
1998 4.1 SP Rolando Arrojo
7%
2001 3.3 SP Tanyon Sturtze
7%
No matching quizzes found
Score Distribution
Percent of People with Each Score
Percentile by Number Answered
Your Score History
You have not taken this quiz